[Event "ARG-ch (Women) 67th"]
[Site "Villa Martelli"]
[Date "2014.05.01"]
[Round "1"]
[White "Guzman, Paola"]
[Black "Zuriel, Marisa"]
[Result "0-1"]
[WhiteElo "1915"]
[BlackElo "2237"]
[PlyCount "190"]
[EventDate "2014.05.01"]
[EventType "swiss"]
[EventRounds "9"]
[EventCountry "ARG"]
[SourceTitle "CBM 160 Extra"]
[Source "ChessBase"]
[SourceDate "2014.07.01"]
[SourceVersion "1"]
[SourceVersionDate "2014.07.01"]
[SourceQuality "1"]

1. d4 Nf6 2. Nf3 c5 3. d5 b5 4. c4 bxc4 5. Nc3 d6 6. Qa4+ Nfd7 7. e4 g6 8. e5 dxe5 9. Nxe5 Bg7 10. Nxc4 0-0 11. Be2 Na6 12. 0-0 Nb6 13. Qd1 Nc7 14. d6 exd6 15. Nxd6 Be6 16. Bf3 Rb8 17. Be3 Nd7 18. Qc2 Ne5 19. Rad1 Nxf3+ 20. gxf3 Qh4 21. Qe4 Qh5 22. Ne2 Rxb2 23. Ng3 Qe5 24. Qxe5 Bxe5 25. Bxc5 Rxa2 26. Nge4 h6 27. Nb7 Rb8 28. Bd6 Bxd6 29. Nexd6 Bd5 30. Ra1 Rb2 31. Nc5 Rc2 32. Nce4 Kg7 33. Rxa7 Nb5 34. Nxb5 Rxb5 35. Kg2 g5 36. h3 Rb4 37. Ng3 Kg6 38. Rd1 Rc5 39. Re1 Rf4 40. Ne4 Rc4 41. Ra6+ f6 42. Nd2 Rcd4 43. Ne4 h5 44. Ra3 Bxe4 45. fxe4 Rdxe4 46. Rxe4 Rxe4 47. Ra8 Kf5 48. Rh8 h4 49. Ra8 Re2 50. Kf3 Rb2 51. Ra4 Rb3+ 52. Kg2 Rc3 53. Rb4 Kg6 54. Rb6 Rc4 55. Ra6 Rf4 56. Rb6 Re4 57. Ra6 Kf5 58. Rb6 Ke5 59. Ra6 f5 60. Rg6 Kf4 61. Rh6 Rc4 62. Rh8 Rc2 63. Rh7 Ke5 64. Rh6 Ke4 65. Rg6 Kf4 66. Rh6 Rc8 67. Rh7 Rg8 68. Rh5 Ke5 69. Rh6 Rg7 70. Kh2 Rf7 71. Kg2 Rf6 72. Rh5 Rg6 73. Rh8 Kf6 74. Rf8+ Ke6 75. Rh8 Kf7 76. Rh7+ Kg8 77. Ra7 Rf6 78. Rb7 Rf7 79. Rb8+ Kg7 80. Rb6 Rf6 81. Rb7+ Kg6 82. Rb8 Rf7 83. Rb6+ Kh5 84. Rb8 g4 85. Rg8 Rf6 86. Rg7 Rg6 87. Rf7 Kg5 88. Rh7 Rh6 89. Rg7+ Kf4 90. Rg8 Rh5 91. Ra8 Rg5 92. Rh8 gxh3+ 93. Kxh3 Kf3 94. Kxh4 Rg2 95. Rf8 f4 0-1

[Event "American Continental (Women) 07th"]
[Site "Buenos Aires"]
[Date "2014.03.27"]
[Round "7"]
[White "Guzman, Paola"]
[Black "Sanchez Zambrano, Vanessa"]
[Result "0-1"]
[WhiteElo "1902"]
[BlackElo "1913"]
[PlyCount "62"]
[EventDate "2014.03.21"]
[EventType "swiss"]
[EventRounds "9"]
[EventCountry "ARG"]
[SourceTitle "CBM 159 Extra"]
[Source "ChessBase"]
[SourceDate "2014.04.24"]
[SourceVersion "1"]
[SourceVersionDate "2014.04.24"]
[SourceQuality "1"]

1. d4 Nf6 2. c4 g6 3. Nc3 Bg7 4. e4 d6 5. Nf3 0-0 6. Be2 Na6 7. 0-0 e5 8. d5 Nc5 9. Nd2 a5 10. b3 Nfd7 11. a3 f5 12. Bb2 Nf6 13. f3 Bh6 14. b4 axb4 15. axb4 Rxa1 16. Bxa1 Na6 17. Na2 c5 18. dxc6 Nxb4 19. c5 Nxc6 20. cxd6 Qxd6 21. Nb1 Qc5+ 22. Kh1 Be6 23. Nac3 Rd8 24. Qa4 Nd4 25. Bb5 fxe4 26. fxe4 Ng4 27. Qa3 Qb6 28. h3 Nxb5 29. Qb4 Nf2+ 30. Rxf2 Qxf2 31. Qxb5 Qe1+ 0-1

[Event "American Continental (Women) 07th"]
[Site "Buenos Aires"]
[Date "2014.03.21"]
[Round "1"]
[White "Aliaga Fernandez, Ingrid Yadira"]
[Black "Guzman, Paola"]
[Result "1-0"]
[WhiteElo "2185"]
[BlackElo "1902"]
[PlyCount "91"]
[EventDate "2014.03.21"]
[EventType "swiss"]
[EventRounds "9"]
[EventCountry "ARG"]
[SourceTitle "CBM 159 Extra"]
[Source "ChessBase"]
[SourceDate "2014.04.24"]
[SourceVersion "1"]
[SourceVersionDate "2014.04.24"]
[SourceQuality "1"]

1. e4 e6 2. d4 d5 3. Nc3 Nf6 4. e5 Nfd7 5. f4 c5 6. Nf3 Nc6 7. Be3 Qb6 8. Na4 Qa5+ 9. c3 cxd4 10. b4 Nxb4 11. cxb4 Bxb4+ 12. Bd2 Bxd2+ 13. Nxd2 b5 14. Nb2 Nc5 15. Qc2 Ne4 16. Nd1 Bd7 17. Bd3 Rc8 18. Qb2 0-0 19. Bxe4 dxe4 20. 0-0 e3 21. Nf3 Qb6 22. Re1 Rc4 23. Rc1 Rfc8 24. Rxc4 Rxc4 25. Qe2 Qc5 26. Qd3 Bc6 27. Ng5 g6 28. Ne4 Bxe4 29. Qxe4 Rc1 30. Rf1 Rc2 31. Re1 Rd2 32. h4 e2 33. Nf2 d3 34. Qf3 Rd1 35. Rxd1 exd1Q+ 36. Qxd1 Qe3 37. Qxd3 Qxf4 38. Qe4 Qc1+ 39. Kh2 Qb2 40. Ng4 Qd2 41. a3 Qc1 42. Qf3 a5 43. Nf6+ Kg7 44. Ne8+ Kf8 45. Nd6 Qc7 46. Qf6 1-0

[Event "Pan American-ch U20 Girls"]
[Site "Bogota"]
[Date "2013.07.12"]
[Round "5"]
[White "Vargas Banda, Valentina Javiera"]
[Black "Guzman, Paola"]
[Result "0-1"]
[WhiteElo "1821"]
[BlackElo "1889"]
[PlyCount "82"]
[EventDate "2013.07.10"]
[EventType "swiss"]
[EventRounds "9"]
[EventCountry "COL"]
[SourceTitle "CBM 155 Extra"]
[Source "ChessBase"]
[SourceDate "2013.08.26"]
[SourceVersion "1"]
[SourceVersionDate "2013.08.26"]
[SourceQuality "1"]

1. e4 e6 2. d4 d5 3. e5 c5 4. c3 Qb6 5. Bd3 Nc6 6. Nf3 Bd7 7. Bc2 cxd4 8. cxd4 Nb4 9. Bb3 Qa6 10. Bc2 Nxc2+ 11. Qxc2 Rc8 12. Nc3 Ne7 13. Qe2 Qb6 14. 0-0 Nc6 15. Rd1 Na5 16. Ng5 h6 17. Nh3 Nc4 18. f4 g6 19. Nf2 h5 20. Nh3 Qa5 21. Qf3 b5 22. Ng5 b4 23. Ne2 Bb5 24. f5 gxf5 25. Nf4 Bd7 26. Nxh5 Be7 27. Nh3 Rg8 28. N5f4 Qb6 29. Qh5 Nxe5 30. Kh1 Ng4 31. Qh7 Nf6 32. Qh6 Rc2 33. Ng5 Ng4 34. Qh7 Rxg5 35. Qh8+ Bf8 36. Nxd5 Nf2+ 37. Kg1 Rxg2+ 38. Kxg2 Nxd1+ 39. Kg1 exd5 40. Bg5 Qe6 41. Qh5 Qe1# 0-1

[Event "Pan American-ch U20 Girls"]
[Site "Bogota"]
[Date "2013.07.10"]
[Round "1"]
[White "Guzman, Paola"]
[Black "Castrillon Gomez, Melissa"]
[Result "0-1"]
[WhiteElo "1889"]
[BlackElo "2153"]
[PlyCount "72"]
[EventDate "2013.07.10"]
[EventType "swiss"]
[EventRounds "9"]
[EventCountry "COL"]
[SourceTitle "CBM 155 Extra"]
[Source "ChessBase"]
[SourceDate "2013.08.26"]
[SourceVersion "1"]
[SourceVersionDate "2013.08.26"]
[SourceQuality "1"]

1. d4 g6 2. c4 c5 3. d5 b5 4. cxb5 a6 5. bxa6 Bxa6 6. Nc3 Bg7 7. g3 d6 8. Bg2 Nf6 9. Nf3 0-0 10. Rb1 Nfd7 11. 0-0 Nb6 12. Qc2 Bc4 13. b3 Bxd5 14. Nxd5 Nxd5 15. Bd2 Nc6 16. a4 Qb6 17. Rfd1 Ndb4 18. Qe4 d5 19. Qh4 e6 20. e4 d4 21. Bh6 f6 22. Bxg7 Kxg7 23. e5 Qd8 24. Rbc1 Ra5 25. Bh3 Nxe5 26. Nxe5 fxe5 27. Qxd8 Rxd8 28. Bxe6 Na2 29. Rc2 Nc3 30. Rdd2 Ne4 31. Rd1 Ng5 32. Bc4 e4 33. Re2 d3 34. Re3 Rd4 35. Kg2 Ra7 36. h4 Nf7 0-1